[Event "AUTO-BEG-521"]
[Site "http://www.queenalice.com/game.php?id=1052649"]
[Date "2012.4.25"]
[Round "2"]
[White "zahe"]
[Black "El_Furo"]
[Result "1-0"]
[WhiteElo "1355"]
[BlackElo "1304"]

1. e4 e6 2. Nf3 d5 3. e5 c5 4. Bb5+ Bd7 5. Qe2 Bxb5 6. Qxb5+ Qd7 7. Nc3 a6 8.
Qe2 Nc6 9. O-O d4 10. Ne4 b6 11. d3 Qc7 12. Bf4 f6 13. Nd6+ Bxd6 14. exd6 Qd7
15. Rae1 Nd8 16. c4 Nb7 17. Qxe6+ Qxe6 18. Rxe6+ Kd7 19. Rfe1 g5 20. Bg3 h5 21.
h4 b5 22. hxg5 bxc4 23. dxc4 Kc6 24. gxf6 Nh6 25. Ne5+ Kb6 26. d7+ Kc7 27. Nf7+
Kxd7 28. Re7+ Kc8 29. Nxh8 Nf5 30. Re8+ Nd8 31. f7 1-0

[Event "AUTO-BEG-521"]
[Site "http://www.queenalice.com/game.php?id=1052650"]
[Date "2012.4.25"]
[Round "2"]
[White "El_Furo"]
[Black "zahe"]
[Result "1-0"]
[WhiteElo "1300"]
[BlackElo "1411"]

1. e4 e5 2. Nf3 Nc6 3. Bb5 Bd6 4. O-O Nf6 5. d4 Nxe4 6. Re1 Nf6 7. dxe5 Nxe5 8.
Nxe5 Bxe5 9. Rxe5+ Kf8 10. Bg5 c6 11. Qd6+ Kg8 12. Bc4 b5 13. Bb3 a5 14. a4 Ra6
15. Nd2 h6 16. Bxf6 gxf6 17. Re4 Rh7 18. Rae1 Kg7 19. Qg3+ Kf8 20. Re8+ Qxe8 21.
Rxe8+ Kxe8 22. Qg8+ Ke7 23. Qxh7 bxa4 24. Qxf7+ Kd8 25. Qxf6+ Kc7 26. Bxa4 h5
27. f4 Rb6 28. Qe5+ Kd8 29. Qxa5 Kc7 30. f5 d5 31. f6 Be6 32. Qa7+ Rb7 33. Qa8
d4 34. Qe8 Bd5 35. f7 Rb8 36. Qe7+ Kb6 37. f8=Q Rxf8 38. Qxf8 c5 39. Qb8+ Bb7
40. Nc4+ Ka6 41. Bc6 Bxc6 42. Qb6# 1-0

[Event "Challenge2"]
[Site "http://www.queenalice.com/game.php?id=1061924"]
[Date "2012.5.21"]
[Round "-"]
[White "El_Furo"]
[Black "roadrunner"]
[Result "1-0"]
[WhiteElo "1287"]
[BlackElo "1324"]

1. e4 e6 2. d4 Qh4 3. Bd3 Nh6 4. Nf3 Qf6 5. Bg5 Qg6 6. Qd2 f5 7. Ne5 Qh5 8. Nc3
Bb4 9. Be2 Ng4 10. f3 Bxc3 11. bxc3 h6 12. fxg4 Qxg5 13. gxf5 Qxg2 14. Bh5+ Ke7
15. Qxg2 Na6 16. Ng6+ Kd6 17. e5# 1-0

[Event "AUTO-BEG-553"]
[Site "http://www.queenalice.com/game.php?id=1096126"]
[Date "2012.8.24"]
[Round "1"]
[White "guest12345"]
[Black "El_Furo"]
[Result "0-1"]
[WhiteElo "1245"]
[BlackElo "1348"]

1. c4 e5 2. Nc3 d6 3. g3 Nc6 4. Nf3 g6 5. Bg2 Bg7 6. O-O Nge7 7. e3 O-O 8. d4
exd4 9. exd4 Bg4 10. Be3 Nf5 11. Bg5 Bf6 12. Bxf6 Qxf6 13. Re1 Ncxd4 14. Nxd4
Bxd1 0-1

[Event "AUTO-BEG-553"]
[Site "http://www.queenalice.com/game.php?id=1096127"]
[Date "2012.8.24"]
[Round "1"]
[White "El_Furo"]
[Black "guest12345"]
[Result "1-0"]
[WhiteElo "1320"]
[BlackElo "1267"]

1. d4 f5 2. g3 b6 3. Bg2 Nc6 4. d5 Ne5 5. Bf4 Nf7 6. d6 Nxd6 7. Bxa8 c6 8. Nf3
Ba6 9. Bxc6 dxc6 10. c3 Nf6 11. Qb3 Bc4 12. Qc2 1-0

[Event "AUTO-BEG-553"]
[Site "http://www.queenalice.com/game.php?id=1096144"]
[Date "2012.8.24"]
[Round "1"]
[White "ThiagoSousa"]
[Black "El_Furo"]
[Result "0-1"]
[WhiteElo "1270"]
[BlackElo "1360"]

1. d4 Nf6 2. Nc3 d5 3. e3 Bg4 4. f3 Bd7 5. e4 Bc6 6. e5 Nfd7 7. Bd3 e6 8. f4 Bb4
9. Bd2 O-O 10. Nf3 Ba4 11. Nxa4 Bxd2+ 12. Qxd2 a6 13. O-O b5 14. Nc3 c5 15. b3
cxd4 16. Nxd4 Nc5 17. Be2 Qd7 18. Rf3 b4 19. Qe1 bxc3 20. Rh3 Ne4 21. Bb5 axb5
22. Nf3 Nc6 23. a4 Nb4 24. Nd4 Qa7 25. Qf2 Nxf2 26. Kxf2 Nxc2 27. Rd1 Nxd4 28.
Rhd3 Nxb3+ 29. Kf3 b4 30. Rb1 Nd4+ 31. Ke3 Nb3+ 32. Ke2 c2 33. Rf1 c1=N+ 34. Kd1
Nxd3 35. Kc2 Nbc5 36. g4 Qxa4+ 37. Kd2 b3 38. Kc3 Qc4+ 39. Kd2 Ra2+ 40. Ke3 Qe4#
0-1

[Event "AUTO-BEG-553"]
[Site "http://www.queenalice.com/game.php?id=1096145"]
[Date "2012.8.24"]
[Round "1"]
[White "El_Furo"]
[Black "ThiagoSousa"]
[Result "1-0"]
[WhiteElo "1334"]
[BlackElo "1286"]

1. e4 d5 2. exd5 Qxd5 3. Nc3 Qe5+ 4. Be2 e6 5. Nf3 Qf6 6. O-O Nc6 7. Bb5 a6 8.
Bxc6+ bxc6 9. Ne4 Qf4 10. d3 Qf5 11. Re1 Nf6 12. Nh4 Qd5 13. c4 Qd4 14. Qa4 Bd7
15. Nf3 Qxd3 16. Re3 Qxe4 17. Rxe4 Nxe4 18. Ne5 Bc5 19. Be3 Bxe3 20. fxe3 f6 21.
Nxd7 Kxd7 22. Rd1+ Nd6 23. c5 Rhb8 24. cxd6 cxd6 25. Rc1 Rb6 26. Qe4 f5 27. Qd4
c5 28. Qxg7+ Kc6 29. a3 Rxb2 30. Qxb2 d5 31. Rb1 d4 32. Qb7+ Kd6 33. Qxa8 d3 34.
Qxa6+ Ke5 35. Qxd3 f4 36. e4 Kf6 37. Qc3+ Kg5 38. Qxc5+ Kg4 39. h3+ Kg3 40. Qg5#
1-0

[Event "Challenge"]
[Site "http://www.queenalice.com/game.php?id=1110132"]
[Date "2012.10.6"]
[Round "-"]
[White "dourado86"]
[Black "El_Furo"]
[Result "0-1"]
[WhiteElo "1511"]
[BlackElo "1382"]

1. e4 e6 2. d4 d5 3. Bd3 dxe4 4. Bxe4 c5 5. c3 Nf6 6. Bd3 Nc6 7. Nf3 cxd4 8.
cxd4 Nb4 9. Bb5+ Bd7 10. Qd2 Bxb5 11. a3 Nd3+ 12. Kd1 Ne4 13. Qe2 Ndxf2+ 14. Ke1
Bxe2 15. Kxe2 Nxh1 16. Ke3 Nhf2 17. b4 Qc7 18. Bb2 Qxh2 19. Nxh2 Be7 20. Nd2
Bg5+ 21. Ke2 Rc8 22. Nxe4 Nxe4 23. Nf3 Bf6 24. Ke3 Nd6 25. Rh1 Nc4+ 26. Kf4 Nxb2
27. Rb1 Na4 28. Nd2 O-O 29. Ne4 Bxd4 30. Rd1 e5+ 31. Kf3 Nc3 32. Nxc3 Rxc3+ 33.
Ke4 Re3+ 34. Kd5 Rd8+ 35. Kc4 Rc3+ 36. Kb5 a6+ 37. Ka4 b5+ 38. Ka5 Rxa3# 0-1

[Event "Challenge"]
[Site "http://www.queenalice.com/game.php?id=1124151"]
[Date "2012.11.20"]
[Round "-"]
[White "dlabedz"]
[Black "El_Furo"]
[Result "0-1"]
[WhiteElo "1305"]
[BlackElo "1496"]

1. d4 d5 2. h3 Nf6 3. f3 e6 4. g4 Nfd7 5. f4 Nb6 6. b3 c5 7. Be3 c4 8. b4 Bxb4+
9. c3 Be7 10. Nf3 O-O 11. g5 f6 12. Qc2 Nc6 13. h4 e5 14. dxe5 fxe5 15. fxe5 Bf5
16. Qd2 Qd7 17. Rg1 Qe6 18. h5 Nxe5 19. Nd4 Qd7 20. g6 hxg6 21. hxg6 Nxg6 22.
Bh6 Bh4+ 23. Kd1 Qa4+ 24. Kc1 Bf2 25. Qc2 Bxc2 26. Rxg6 Bxg6 27. a3 Bxd4 28. Nd2
Qc2# 0-1

[Event "AUTO-BEG-553"]
[Site "http://www.queenalice.com/game.php?id=1124585"]
[Date "2012.11.21"]
[Round "2"]
[White "dlabedz"]
[Black "El_Furo"]
[Result "0-1"]
[WhiteElo "1301"]
[BlackElo "1504"]

1. d4 e6 2. d5 exd5 3. Qxd5 Nf6 4. Qe5+ Be7 5. Nc3 Nc6 6. Qe3 O-O 7. Nf3 Bb4 8.
Bd2 Re8 9. Qd3 Ng4 10. e3 d6 11. h3 Nge5 12. Qe2 Nxf3+ 13. gxf3 Nd4 14. Qd3
Nxf3+ 15. Kd1 Qh4 16. e4 Qxf2 17. Kc1 Nxd2 18. Qxd2 Qxd2+ 19. Kxd2 Rxe4 20. Rh2
d5 21. Bg2 Rd4+ 22. Ke3 Bc5 23. Ke2 Bf5 24. Rf1 Re8+ 25. Kf3 Bd6 26. Kf2 Rd2+
27. Kg1 Bxh2+ 28. Kxh2 d4 29. Rxf5 dxc3 30. bxc3 Ree2 31. Rg5 Rxc2 32. Kg3 Rxg2+
0-1

[Event "AUTO-BEG-553"]
[Site "http://www.queenalice.com/game.php?id=1124586"]
[Date "2012.11.21"]
[Round "2"]
[White "El_Furo"]
[Black "dlabedz"]
[Result "1-0"]
[WhiteElo "1488"]
[BlackElo "1350"]

1. e4 d5 2. exd5 Qxd5 3. Nc3 Qe6+ 4. Be2 a6 5. Nf3 Qg6 6. O-O Nc6 7. Bd3 Bh3 8.
Bxg6 hxg6 9. gxh3 e6 10. Re1 Be7 11. d4 Na5 12. d5 Rd8 13. Bf4 Nc4 14. Qe2 Nxb2
15. dxe6 f6 16. Qe4 f5 17. Qxb7 Nf6 18. Bxc7 Kf8 19. Bxd8 Bxd8 20. Qf7# 1-0

[Event "AUTO-BEG-553"]
[Site "http://www.queenalice.com/game.php?id=1124587"]
[Date "2012.11.21"]
[Round "2"]
[White "jgfmelo"]
[Black "El_Furo"]
[Result "0-1"]
[WhiteElo "1716"]
[BlackElo "1462"]

1. d4 Nf6 2. Nc3 d5 3. Qd3 g6 4. e4 dxe4 5. Nxe4 Bg7 6. c3 b6 7. f3 a5 8. Nxf6+
Bxf6 9. h4 Ba6 10. Qe3 e6 11. Bxa6 Bxh4+ 12. Kd1 Rxa6 13. Qh6 Bf6 14. Ne2 c5 15.
Be3 cxd4 16. Bxd4 e5 17. Kc2 exd4 18. Nxd4 Ra7 19. Rae1+ Re7 20. Rxe7+ Qxe7 21.
Qf4 O-O 22. Qh6 Rc8 23. Qxh7+ Kf8 24. Qh6+ Bg7 25. Qh3 Rd8 26. f4 Qe4+ 27. Kb3
Qd5+ 28. Kc2 Bxd4 29. cxd4 Qe4+ 30. Kc1 Qxf4+ 31. Kb1 Qe4+ 32. Ka1 Nc6 33. Qh6+
Ke8 34. Qh8+ Ke7 35. Qg7 Nxd4 36. Rc1 Nb3+ 37. axb3 Rd2 38. Rc7+ Kd6 39. Qxf7
Rd1+ 40. Ka2 Qb1+ 41. Ka3 Qa1# 0-1

[Event "AUTO-BEG-553"]
[Site "http://www.queenalice.com/game.php?id=1124588"]
[Date "2012.11.21"]
[Round "2"]
[White "El_Furo"]
[Black "jgfmelo"]
[Result "1-0"]
[WhiteElo "1433"]
[BlackElo "1766"]

1. e4 d5 2. exd5 Qxd5 3. Nc3 Qe5+ 4. Be2 e6 5. Nf3 Qd6 6. d4 Qb4 7. a3 Qb6 8.
Na4 Qa5+ 9. c3 Bd7 10. Nc5 Bc6 11. b4 Qb6 12. O-O Bd6 13. Ne5 Nd7 14. Nexd7 Bxd7
15. Nxd7 Kxd7 16. d5 c6 17. dxc6+ Qxc6 18. Bf3 Qxc3 19. Bf4 Qc7 20. Rc1 Qb6 21.
Be5 f6 22. Bxb7 Rb8 23. Bc6+ Ke7 24. Qxd6+ Kf7 25. Qxb8 Qxb8 26. Bxb8 Ne7 27.
Bxa7 Rc8 28. b5 Rc7 29. Be8+ Kxe8 30. Rxc7 Kf8 31. Bc5 Kf7 32. b6 f5 33. b7 Kg6
34. Bxe7 h5 35. Bh4 Kh6 36. b8=Q Kh7 37. Qf8 Kg6 38. Qxg7# 1-0

[Event "Let's Play Chess!"]
[Site "http://www.queenalice.com/game.php?id=1144805"]
[Date "2013.1.24"]
[Round "-"]
[White "Chessaroo"]
[Black "El_Furo"]
[Result "0-1"]
[WhiteElo "1163"]
[BlackElo "1514"]

1. e4 e6 2. e5 d6 3. d4 d5 4. Nf3 c5 5. c4 cxd4 6. cxd5 Bc5 7. Nxd4 Qxd5 8. Nb5
Bxf2+ 9. Kxf2 Qxd1 10. Nc7+ Kd7 0-1

[Event "Let's Play Chess!"]
[Site "http://www.queenalice.com/game.php?id=1148515"]
[Date "2013.2.4"]
[Round "-"]
[White "djurischic"]
[Black "El_Furo"]
[Result "0-1"]
[WhiteElo "1529"]
[BlackElo "1516"]

1. c4 e5 2. e3 Nc6 3. Nc3 Bb4 4. Nd5 Nf6 5. Nxb4 Nxb4 6. a3 Nc6 7. Nf3 e4 8. Nd4
Nxd4 9. exd4 d5 10. cxd5 Nxd5 11. Bc4 Be6 12. Be2 Qf6 13. Qa4+ c6 14. Qd1 Qxd4
15. O-O O-O 16. Qb3 b5 17. d3 e3 18. Qc2 Rac8 19. Rb1 Bf5 20. Bxe3 Nxe3 21. fxe3
Qxe3+ 22. Kh1 Bg6 23. Rf3 Qd4 24. Rg3 Rfe8 25. Qd2 Rcd8 26. Rf1 c5 27. Rf4 Qe5
28. Rgf3 Be4 29. Rf2 Qd4 30. Qc3 Qxc3 31. bxc3 Bxd3 32. Bxd3 Rxd3 33. Rxf7 Rxc3
34. h3 Rxa3 35. Rb7 Rf8 36. Rc2 b4 37. Rxc5 a5 38. Rcc7 Rg3 39. Kh2 Rg6 40. h4
h6 41. Rc5 Rf2 42. Rxa5 Rfxg2+ 43. Kh1 R2g4 44. Ra2 Rxh4+ 45. Rh2 Rhg4 46. Rh5
Kh7 47. Rd7 b3 48. Rd1 b2 49. Rh2 Rg1+ 50. Rxg1 Rxg1+ 51. Kxg1 b1=Q+ 0-1

[Event "Let's Play Chess!"]
[Site "http://www.queenalice.com/game.php?id=1148521"]
[Date "2013.2.4"]
[Round "-"]
[White "El_Furo"]
[Black "djurischic"]
[Result "0-1"]
[WhiteElo "1516"]
[BlackElo "1402"]

1. d4 d5 2. c4 dxc4 3. e3 Be6 4. Nc3 a6 5. d5 Bc8 6. Bxc4 Nf6 7. e4 e5 8. dxe6
Qxd1+ 9. Nxd1 Bxe6 10. b3 Nxe4 11. Be2 Bb4+ 12. Kf1 Nc6 13. a3 Bc3 14. Nxc3 Nxc3
15. Bd3 O-O 16. Bb2 Nd5 17. b4 Nf4 18. Nf3 Nxd3 19. Ke2 Nxb2 0-1

[Event "Ajedrecistas 1"]
[Site "http://www.queenalice.com/game.php?id=1154582"]
[Date "2013.2.22"]
[Round "3"]
[White "El_Furo"]
[Black "tucot"]
[Result "0-1"]
[WhiteElo "1533"]
[BlackElo "2340"]

1. e4 Nf6 2. e5 Nd5 3. d4 d6 4. Nf3 g6 5. Bc4 c6 6. O-O Bg7 7. exd6 Qxd6 8. Re1
O-O 9. Nbd2 Bf5 10. c3 Nd7 11. Nh4 Be6 12. Ne4 Qb8 13. Qf3 N7b6 14. Bd3 Nf6 15.
Bg5 Nbd7 16. Qe2 Nxe4 17. Bxe4 Nf6 18. Bf3 Re8 19. Qd2 Qc7 20. Bf4 Qb6 21. b4 a5
22. a3 axb4 23. cxb4 Nd5 24. Be5 f6 25. Bg3 Bf7 26. Be2 e5 27. Nf3 e4 28. Nh4 f5
29. Red1 Bf6 30. b5 f4 31. Bxf4 Bxh4 32. g3 Bf6 33. bxc6 bxc6 34. Be3 Qa5 0-1

[Event "Ajedrecistas 1"]
[Site "http://www.queenalice.com/game.php?id=1168377"]
[Date "2013.4.4"]
[Round "4"]
[White "Gabriel_HD"]
[Black "El_Furo"]
[Result "0-1"]
[WhiteElo "1890"]
[BlackElo "1531"]

1. e4 e6 2. d4 d5 3. e5 c5 4. dxc5 Bxc5 5. Nf3 Nc6 6. Bb5 Qb6 7. Bxc6+ bxc6 8.
O-O Ba6 9. Nc3 Bxf1 10. Qxf1 Qa5 11. Bd2 Ne7 12. Nxd5 Bxf2+ 13. Kxf2 Qxd5 14.
Qa6 Qb5 15. Qa3 Qd5 16. Bb4 Nf5 17. Qc3 Rb8 18. Bc5 Rb7 19. b3 Ne7 20. a4 O-O
21. Be3 Nf5 22. Nd4 Qxe5 23. Re1 Rd7 24. Ne2 Nxe3 25. Qxe3 Qxh2 26. Ng3 Rfd8 27.
Ne4 Rd5 28. Rg1 Qh4+ 29. Ng3 Rf5+ 30. Ke2 Qg4+ 31. Ke1 Qd1# 0-1

[Event "Challenge"]
[Site "http://www.queenalice.com/game.php?id=1183073"]
[Date "2013.5.20"]
[Round "-"]
[White "Rogerio11"]
[Black "El_Furo"]
[Result "0-1"]
[WhiteElo "1422"]
[BlackElo "1589"]

1. e4 e6 2. d4 d5 3. exd5 Qxd5 4. c3 Be7 5. b3 Qe4+ 6. Be3 Bg5 7. Nd2 Qf5 8. c4
Bxe3 9. fxe3 Nf6 10. b4 Ng4 11. Qe2 Nd7 12. Ngf3 b6 13. h3 Ngf6 14. c5 a5 15. g4
Qc2 16. g5 Ne4 17. Nxe4 Qxe4 18. a3 axb4 19. Bg2 Ba6 20. Qb2 bxa3 21. Rxa3 O-O
22. Ne5 Qh4+ 23. Kd1 Nxe5 24. dxe5 Rad8+ 25. Kc2 Qf2+ 26. Kb1 Bd3+ 27. Ka2 Bc4+
28. Kb1 Qxb2+ 29. Kxb2 Rd2+ 30. Kc3 Rxg2 31. Kxc4 Rxg5 32. Ra7 Rc8 33. h4 Rxe5
34. cxb6 cxb6+ 35. Kd3 b5 36. Rha1 h6 37. Rf1 Rd8+ 38. Ke2 b4 39. Rfxf7 b3 40.
Rxg7+ Kf8 41. Rab7 b2 42. Rg1 Re4 43. Rh1 Rc4 44. Rxb2 Ke7 45. Rb7+ Ke8 46. Rg1
Rd7 47. Rg8+ Kf7 48. Rxd7+ Kxg8 49. Rd6 Kf7 50. Rd4 Rxd4 51. exd4 e5 52. dxe5
Ke6 53. Kf3 Kxe5 54. Kg4 Kf6 55. Kg3 Kg6 56. Kf4 Kf6 57. Kg4 Kg6 58. h5+ Kf6 59.
Kh4 Kf5 0-1